Variability in rooting response of air-layers in twelve clones of Hevea brasiliensis (Record no. 72088)

MARC details
000 -LEADER
fixed length control field 01393nam a2200217Ia 4500
100 ## - MAIN ENTRY--AUTHOR NAME
Personal name Sobhana P
245 #0 - TITLE STATEMENT
Title Variability in rooting response of air-layers in twelve clones of Hevea brasiliensis
260 ## - PUBLICATION, DISTRIBUTION, ETC. (IMPRINT)
Name of publisher Journal of Plantation Crops
Year of publication 2000
300 ## - PHYSICAL DESCRIPTION
Number of Pages 191-195
520 ## - SUMMARY, ETC.
Summary, etc Rooting response in air layers of twelve clones of Hevea brasiliensis was evaluated. Variability in rooting per cent of these clones ranged from 0-95;. Survival of the transplanted air-layers also showed considerable variability. Based on rooting success in one year old plants, six clones were grouped as easy-to-root types (above 75;rooting success), two clones as medium-to-root (40.75;rooting) and four clones as hard-to root (below 40;) types. It was observed that age of the plant has a definite effect on per cent of rooting and survival of rooted layers. Except two clones, one and two year old plants of the other clones gave better rooting per cent and survival of rooted layers of these clones at all the three ages studied. Survival of rooted layers and mean number of roots per layer also showed positive relationship.
650 ## - SUBJECT ADDED ENTRY--TOPICAL TERM
Topical Term Air layering
650 ## - SUBJECT ADDED ENTRY--TOPICAL TERM
Topical Term Hevea
650 ## - SUBJECT ADDED ENTRY--TOPICAL TERM
Topical Term Rooting
650 ## - SUBJECT ADDED ENTRY--TOPICAL TERM
Topical Term Variability
700 ## - ADDED ENTRY--PERSONAL NAME
Personal name Jacob J
700 ## - ADDED ENTRY--PERSONAL NAME
Personal name Rajagopal R
700 ## - ADDED ENTRY--PERSONAL NAME
Personal name Sethuraj M R
700 ## - ADDED ENTRY--PERSONAL NAME
Personal name Vijayakumar K R
942 ## - ADDED ENTRY ELEMENTS (KOHA)
Koha item type Journals
Holdings
Withdrawn status Lost status Damaged status Not for loan Home library Current library Shelving location Date acquired Serial Enumeration / chronology Koha item type
      Journals RRII Library RRII Library Physiology 17/12/2021 Volume 28, Issue 3 Journals